Meeting many people / (Registro nro. 9266)
[ vista simple ]
| 000 -LIDER | |
|---|---|
| fixed length control field | 00796nam a22002897a 4500 |
| 001 - NÚMERO DE CONTROL | |
| Identificador de número de control | 0178 |
| 003 - IDENTIFICACDOR DE NÚMERO DE CONTROL | |
| control field | DO-SdBNP |
| 005 - DATE AND TIME OF LATEST TRANSACTION | |
| control field | 20160316153901.0 |
| 007 - CAMPOS FIJOS DE DESCRIPCIÓN FÍSICA | |
| fixed length control field | 0178 |
| 008 - ELEMENTOS DE LONGITUD FIJA | |
| fixed length control field | 151005b 200 1997 xxu 00| 0 spa d |
| 020 ## - ISBN | |
| International Standard Book Number | 0153020385 |
| 040 ## - FUENTE DE CATALOGACIÓN | |
| Agencia que crea de manera original el registro | BPMSU |
| Idioma de catalogación | spa |
| Agencia que realiza la transcripción | BPMSU |
| 092 ## - LOCALLY ASSIGNED DEWEY DECIMAL CALL NUMBER | |
| Número de clasificación | XXXX |
| Número de ítem (Cutter) | XXXX |
| 245 00 - MENCIÓN DE TITULO | |
| Título | Meeting many people / |
| Mención de responsabilidad | Richard G. Boehm...[et al.] |
| 260 ## - PUBLICACIÓN, DISTRIBUCIÓN, ETC. (PIE DE IMPRENTA) | |
| Lugar de publicación, distribución, etc | Orlando, Estados Unidos : |
| Nombre del editor, distribuidor, etc. | Harcourt brace & company, |
| Fecha de publicación, distribución, etc | 1997. |
| 300 ## - DESCRIPCIÓN FÍSICA | |
| Extensión | x, A7, 212 p : |
| Otros detalles físicos | il., mapa, retrs. |
| Dimensiones | 29cm. |
| 500 ## - NOTA GENERAL | |
| Nota general | Incluye índice |
| 500 ## - NOTA GENERAL | |
| Nota general | Incluye glosario |
| 700 12 - ASIENTO SECUNDARIO -- NOMBRE PERSONAL | |
| Nombre personal | Boehm, Richard G. |
| 700 12 - ASIENTO SECUNDARIO -- NOMBRE PERSONAL | |
| Nombre personal | Hoone, Claudia |
| 700 12 - ASIENTO SECUNDARIO -- NOMBRE PERSONAL | |
| Nombre personal | McGowan, Thomas M. |
| 700 12 - ASIENTO SECUNDARIO -- NOMBRE PERSONAL | |
| Nombre personal | McKinney-Browning, Mabel C. |
| 700 12 - ASIENTO SECUNDARIO -- NOMBRE PERSONAL | |
| Nombre personal | Miramontes, Ofelia B. |
| 910 ## - VALIDACIÓN | |
| Validación | 144 |
| 942 ## - ADDED ENTRY ELEMENTS (KOHA) | |
| Source of classification or shelving scheme | Dewey Decimal Classification |
| Koha item type | Libros |
| 956 ## - LOCAL ELECTRONIC LOCATION AND ACCESS (OCLC) | |
| Nombre de host | Yngrid Lockward |
| Withdrawn status | Lost status | Source of classification or shelving scheme | Damaged status | Not for loan | Collection code | Home library | Current library | Date acquired | Source of acquisition | Total Checkouts | Barcode | Date last seen | Price effective from | Koha item type | Copy number |
|---|---|---|---|---|---|---|---|---|---|---|---|---|---|---|---|
| Dewey Decimal Classification | Biblioteca Pública Metropolitana Salomé Ureña | Biblioteca Pública Metropolitana Salomé Ureña | 03/16/2016 | Donación | BPMET16030141 | 03/16/2016 | 03/16/2016 | Libros | |||||||
| Dewey Decimal Classification | Biblioteca Pública Metropolitana Salomé Ureña | Biblioteca Pública Metropolitana Salomé Ureña | 03/16/2016 | Donación | BPMET16030142 | 03/16/2016 | 03/16/2016 | Libros | e. 2 |